[Event "ENCI Limburg-open C"]
[Site "Maastricht"]
[Date "2009.05.31"]
[Round "5"]
[White "Van der Werff, Silvia"]
[Black "Cox, Maud"]
[Result "1-0"]
[WhiteElo "1259"]
[BlackElo "1157"]
[PlyCount "93"]
[EventDate "2009.05.29"]
[EventType "swiss"]
[EventRounds "7"]
[EventCountry "NED"]
[Source "P.Boonen"]
[SourceDate "2010.01.01"]

1. e4 e5 2. Nf3 Nc6 3. Bc4 Nf6 4. d3 Be7 5. O-O O-O 6. Be3 d6 7. Nc3 Bg4 8. h3
Be6 9. Bb3 Bxb3 10. axb3 d5 11. exd5 Nxd5 12. Bd2 Re8 13. Re1 Bf6 14. Ne4 h6
15. c4 Nf4 16. Bc3 Nxd3 17. Nxf6+ gxf6 18. Re3 Nf4 19. Qc2 Qd7 20. Rd1 Qe6 21.
Ree1 f5 22. Nxe5 Nxe5 23. Bxe5 Nh5 24. Bc3 Qg6 25. Qd2 f6 26. Rxe8+ Rxe8 27.
Qd5+ Kh8 28. Qxb7 Nf4 29. Qc6 Ne2+ 30. Kh1 Nxc3 31. bxc3 Rg8 32. Ra1 a5 33.
Rxa5 f4 34. Ra1 Kh7 35. Qxc7+ Rg7 36. Qc6 Qc2 37. Qxf6 f3 38. Qxf3 Qg6 39. c5
Rf7 40. Qg3 Qc6 41. b4 Rg7 42. Qd3+ Kh8 43. Qf3 Qg6 44. c6 Rf7 45. Ra8+ Kh7 46.
Qg3 Qxc6 47. Qg8# 1-0

[Event "ENCI Limburg-open C"]
[Site "Maastricht"]
[Date "2009.05.31"]
[Round "5"]
[White "Zalewski, Arkadiusz"]
[Black "Chan, Alexander"]
[Result "1-0"]
[WhiteElo "1414"]
[BlackElo "1204"]
[PlyCount "95"]
[EventDate "2009.05.29"]
[EventType "swiss"]
[EventRounds "7"]
[EventCountry "NED"]
[Source "P.Boonen"]
[SourceDate "2010.01.01"]

1. e4 c5 2. c3 d6 3. d4 Nc6 4. dxc5 dxc5 5. Qxd8+ Nxd8 6. Bb5+ Nc6 7. Nf3 Bd7
8. O-O Nf6 9. Re1 g6 10. Bf4 Bg7 11. Nbd2 O-O 12. Rad1 Rad8 13. Bd3 Nh5 14. Be3
b6 15. h3 Be6 16. Bb5 Ne5 17. Nxe5 Bxe5 18. Bh6 Bg7 19. Bxg7 Kxg7 20. Bc4 Rd6
21. Bxe6 Rxe6 22. Nf1 Nf6 23. f3 Rc8 24. Rd2 Rd6 25. e5 Rxd2 26. exf6+ exf6 27.
Nxd2 Rd8 28. Re2 f5 29. Kf2 Rd7 30. Nc4 f6 31. Rd2 Re7 32. a4 Kf8 33. Rd8+ Re8
34. Rxe8+ Kxe8 35. a5 bxa5 36. Nxa5 Kd7 37. c4 Kd6 38. Ke3 a6 39. g3 h5 40. Kf4
Ke6 41. h4 Kd6 42. g4 hxg4 43. fxg4 fxg4 44. Kxg4 f5+ 45. Kf4 Kc7 46. Nb3 Kb6
47. Nd2 Ka5 48. Kg5 1-0

[Event "ENCI Limburg-open C"]
[Site "Maastricht"]
[Date "2009.06.01"]
[Round "6"]
[White "Arns, Danny"]
[Black "Mohamedjoesoef, Rafiek"]
[Result "0-1"]
[WhiteElo "1438"]
[BlackElo "1664"]
[PlyCount "102"]
[EventDate "2009.05.29"]
[EventType "swiss"]
[EventRounds "7"]
[EventCountry "NED"]
[Source "P.Boonen"]
[SourceDate "2010.01.01"]

1. e4 c5 2. Nc3 Nc6 3. Bc4 g6 4. Nf3 Bg7 5. O-O e6 6. Re1 Nge7 7. a3 O-O 8. d3
a6 9. Bf4 b5 10. Ba2 b4 11. axb4 cxb4 12. Na4 d5 13. Rb1 Qd7 14. c3 Qb7 15.
cxb4 Nxb4 16. Qb3 Nec6 17. exd5 exd5 18. Bd6 Rd8 19. Bxb4 Nxb4 20. Nc5 Qb5 21.
d4 Bxd4 22. Nxd4 Qxc5 23. Nf3 Nxa2 24. Qxa2 Be6 25. Qa3 Qxa3 26. bxa3 d4 27.
Red1 Bg4 28. Rb3 Bxf3 29. Rxf3 Rd6 30. Rfd3 Rad8 31. Kf1 f5 32. Ke2 Kg7 33. Kf3
Kf6 34. g4 fxg4+ 35. Kxg4 Ke5 36. Re1+ Kd5 37. Kg5 Kc4 38. Red1 Rd5+ 39. Kg4
Rf8 40. f3 h5+ 41. Kg3 Re8 42. Kf4 g5+ 43. Kg3 Re3 44. Rxe3 dxe3 45. Rc1+ Kb3
46. Re1 Re5 47. f4 gxf4+ 48. Kxf4 Re8 49. Kf3 e2 50. Kf2 Kxa3 51. Rg1 e1=Q+ 0-1

[Event "ENCI Limburg-open C"]
[Site "Maastricht"]
[Date "2009.06.01"]
[Round "6"]
[White "Boer, Jan"]
[Black "Tuerlinckx, Ben"]
[Result "0-1"]
[WhiteElo "1663"]
[BlackElo "1628"]
[PlyCount "35"]
[EventDate "2009.05.29"]
[EventType "swiss"]
[EventRounds "7"]
[EventCountry "NED"]
[Source "P.Boonen"]
[SourceDate "2010.01.01"]

1. d4 f5 2. c4 Nf6 3. Nc3 e6 4. g3 Be7 5. Bg2 O-O 6. e4 fxe4 7. Nxe4 Nc6 8. Ne2
Nxe4 9. Bxe4 d5 10. cxd5 exd5 11. Qb3 Bb4+ 12. Bd2 Bxd2+ 13. Kxd2 Ne7 14. f4
Kh8 15. Bc2 c6 16. h3 b6 17. Bd3 c5 18. a3 {.....} 0-1

[Event "ENCI Limburg-open C"]
[Site "Maastricht"]
[Date "2009.06.01"]
[Round "6"]
[White "Bok, Gidius"]
[Black "Keetman, Dennis"]
[Result "0-1"]
[WhiteElo "1482"]
[BlackElo "1675"]
[PlyCount "42"]
[EventDate "2009.05.29"]
[EventType "swiss"]
[EventRounds "7"]
[EventCountry "NED"]
[Source "P.Boonen"]
[SourceDate "2010.01.01"]

1. e4 d5 2. exd5 Nf6 3. Nc3 Nxd5 4. Bc4 Nxc3 5. bxc3 Bf5 6. Ba3 g6 7. Nf3 Bg7
8. O-O O-O 9. Re1 Re8 10. Bb3 Nc6 11. d4 e5 12. Ng5 Qxg5 13. Ba4 exd4 14. Rxe8+
Rxe8 15. cxd4 Be4 16. g3 Qa5 17. c4 Qc3 18. Bc5 Bf3 19. Qf1 Be4 20. d5 Qf3 21.
Re1 Qh1# 0-1

[Event "ENCI Limburg-open C"]
[Site "Maastricht"]
[Date "2009.06.01"]
[Round "6"]
[White "Chan, Alexander"]
[Black "Beukema, Jasper"]
[Result "1/2-1/2"]
[WhiteElo "1204"]
[BlackElo "858"]
[PlyCount "67"]
[EventDate "2009.05.29"]
[EventType "swiss"]
[EventRounds "7"]
[EventCountry "NED"]
[Source "P.Boonen"]
[SourceDate "2010.01.01"]

1. e4 e5 2. Nf3 Nc6 3. d4 exd4 4. Nxd4 Bc5 5. Be3 Qf6 6. c3 Nge7 7. Be2 O-O 8.
Qd2 d5 9. Nxc6 Qxc6 10. exd5 Qxd5 11. Qxd5 Nxd5 12. Bxc5 Re8 13. Be3 Nxe3 14.
fxe3 Rxe3 15. Nd2 Bg4 16. Nf3 Rae8 17. O-O Rxe2 18. Rf2 Bxf3 19. gxf3 Re1+ 20.
Rxe1 Rxe1+ 21. Kg2 g6 22. Rd2 Re7 23. Kg3 Kg7 24. h4 h5 25. Kf2 f5 26. Rd5 Kf6
27. b4 b6 28. a4 g5 29. hxg5+ Kxg5 30. Rd4 h4 31. c4 h3 32. Kg3 Rh7 33. Kh2 a6
34. a5 1/2-1/2

[Event "ENCI Limburg-open C"]
[Site "Maastricht"]
[Date "2009.06.01"]
[Round "6"]
[White "Chotoe, Henry"]
[Black "Bex, Lennert"]
[Result "1-0"]
[WhiteElo "1416"]
[BlackElo "1249"]
[PlyCount "63"]
[EventDate "2009.05.29"]
[EventType "swiss"]
[EventRounds "7"]
[EventCountry "NED"]
[Source "P.Boonen"]
[SourceDate "2010.01.01"]

1. e4 e6 2. d4 d5 3. e5 c5 4. c3 Qb6 5. Nf3 Nc6 6. Be2 Nge7 7. b3 Nf5 8. Be3
Be7 9. O-O O-O 10. Kh1 h6 11. g4 cxd4 12. cxd4 Nh4 13. Nxh4 Bxh4 14. f4 Bd7 15.
Nc3 f6 16. Na4 Qc7 17. Nc5 b6 18. Nxd7 Qxd7 19. Bb5 a6 20. Bxc6 Qxc6 21. Rf3
fxe5 22. fxe5 Rxf3 23. Qxf3 Rf8 24. Qe2 b5 25. Rc1 Rf2 26. Qd1 Qb6 27. Bxf2
Bxf2 28. Rc8+ Kf7 29. Qf3+ Ke7 30. Qxf2 g5 31. Qf8+ Kd7 32. Qe8# 1-0

[Event "ENCI Limburg-open C"]
[Site "Maastricht"]
[Date "2009.06.01"]
[Round "6"]
[White "Cox, Maud"]
[Black "De Vries, Paul"]
[Result "1/2-1/2"]
[WhiteElo "1157"]
[BlackElo "1497"]
[PlyCount "45"]
[EventDate "2009.05.29"]
[EventType "swiss"]
[EventRounds "7"]
[EventCountry "NED"]
[Source "P.Boonen"]
[SourceDate "2010.01.01"]

1. e4 d5 2. exd5 Qxd5 3. Nc3 Qd6 4. Nf3 c6 5. d4 Nf6 6. Be3 Bg4 7. Bd3 Nbd7 8.
O-O e6 9. Be2 Be7 10. Re1 O-O 11. Qd3 Qc7 12. Ng5 Bf5 13. Qd2 Bd6 14. g3 h6 15.
Nf3 Ng4 16. Bd3 Bxd3 17. Qxd3 Nxe3 18. Rxe3 Nf6 19. Ne5 Rad8 20. Rae1 Bc5 21.
Nf3 a6 22. Qc4 Ba7 23. Rd3 1/2-1/2

[Event "ENCI Limburg-open C"]
[Site "Maastricht"]
[Date "2009.06.01"]
[Round "6"]
[White "De Lange, Marieke"]
[Black "Van den Bosch, Arno"]
[Result "0-1"]
[WhiteElo "1292"]
[BlackElo "976"]
[PlyCount "78"]
[EventDate "2009.05.29"]
[EventType "swiss"]
[EventRounds "7"]
[EventCountry "NED"]
[Source "P.Boonen"]
[SourceDate "2010.01.01"]

1. e4 c5 2. Nf3 a6 3. Bc4 Nc6 4. Ng5 e6 5. Nxf7 Kxf7 6. Qf3+ Nf6 7. d3 Be7 8.
O-O Rf8 9. Bg5 Kg8 10. Re1 Nd4 11. Qg3 Nxc2 12. Bh6 Nh5 13. Qg4 Nxe1 14. Qxh5
Nc2 15. Qg4 Bf6 16. Nc3 Nxa1 17. Qg3 b5 18. e5 bxc4 19. dxc4 Bxe5 20. Qxe5 gxh6
21. Ne4 Qa5 22. Kf1 Qa4 23. Ng3 Qd1+ 24. Qe1 Qxe1+ 25. Kxe1 d5 26. b3 d4 27.
Ne4 Rd8 28. Nxc5 e5 29. Ne4 d3 30. Kd2 a5 31. a4 Nxb3+ 32. Kc3 d2 33. Nxd2 Nxd2
34. g3 Rb8 35. Kc2 Kf7 36. Kd1 Kf6 37. Ke2 e4 38. Ke3 Rd3+ 39. Kf4 Rf3# 0-1

[Event "ENCI Limburg-open C"]
[Site "Maastricht"]
[Date "2009.06.01"]
[Round "6"]
[White "De Ridder, Naomi"]
[Black "Frijns, Raoul"]
[Result "1/2-1/2"]
[WhiteElo "1400"]
[BlackElo "1632"]
[PlyCount "96"]
[EventDate "2009.05.29"]
[EventType "swiss"]
[EventRounds "7"]
[EventCountry "NED"]
[Source "P.Boonen"]
[SourceDate "2010.01.01"]

1. e4 c5 2. Nf3 Nc6 3. d4 cxd4 4. Nxd4 Nf6 5. Nc3 e5 6. Ndb5 d6 7. Bg5 a6 8.
Na3 b5 9. Nd5 Be7 10. Bxf6 Bxf6 11. c4 b4 12. Nc2 a5 13. Nce3 O-O 14. Be2 Nd4
15. O-O Bb7 16. Nc2 Ne6 17. f3 Bg5 18. Kh1 Rc8 19. b3 Kh8 20. Nce3 Nd4 21. f4
Nxe2 22. fxg5 Nd4 23. Qh5 Ne6 24. Rxf7 Rxf7 25. Qxf7 Bxd5 26. exd5 Nxg5 27. Qh5
Ne4 28. Rf1 Nf6 29. Qg5 Qd7 30. Nf5 Rf8 31. Kg1 Kg8 32. h4 Kh8 33. Ne3 Qd8 34.
h5 h6 35. Qg6 Qb6 36. Rf3 Qa7 37. Rg3 Qf7 38. Qxf7 Rxf7 39. Rg6 Rd7 40. Nf5 Ne4
41. Re6 Kh7 42. Kf1 Rf7 43. g4 Ng3+ 44. Kg2 Nxf5 45. gxf5 Rd7 46. Kf3 Kg8 47.
Re8+ Kf7 48. Re6 Rd8 1/2-1/2

[Event "ENCI Limburg-open C"]
[Site "Maastricht"]
[Date "2009.06.01"]
[Round "6"]
[White "Fortenbacher, Florian"]
[Black "Ingelaere, Tijl"]
[Result "1-0"]
[WhiteElo "1250"]
[BlackElo "1448"]
[PlyCount "119"]
[EventDate "2009.05.29"]
[EventType "swiss"]
[EventRounds "7"]
[EventCountry "NED"]
[Source "P.Boonen"]
[SourceDate "2010.01.01"]

1. c4 Nf6 2. Nc3 g6 3. g3 Bg7 4. Bg2 O-O 5. d4 d6 6. Bf4 Nbd7 7. Nf3 Re8 8. d5
e5 9. dxe6 Rxe6 10. Qd2 Nc5 11. Nd4 Re8 12. Bh6 Nfe4 13. Nxe4 Nxe4 14. Bxe4
Bxh6 15. Qxh6 Rxe4 16. Nf3 f6 17. Qd2 Rxc4 18. Qd5+ Kg7 19. Qxc4 c6 20. O-O Qe7
21. Rfd1 d5 22. Qc2 Bf5 23. Qb3 Rb8 24. Nd4 Bd7 25. Rac1 c5 26. Nf3 d4 27. e3
Bg4 28. exd4 Qe2 29. Rc3 Rd8 30. Qxb7+ Rd7 31. Qb3 cxd4 32. Rxd4 Re7 33. Rxg4
Rd7 34. Rd4 Rxd4 35. Nxd4 Qe1+ 36. Kg2 Qe4+ 37. Nf3 g5 38. Rc7+ Kh6 39. Qc2
Qxc2 40. Rxc2 Kg6 41. Rc6 h6 42. Ne5+ Kf5 43. Nd3 Kg6 44. h4 Kh5 45. hxg5 hxg5
46. f4 Kg6 47. fxg5 Kxg5 48. Kf3 f5 49. Rc5 Kf6 50. Kf4 Ke6 51. Rxf5 Kd6 52. g4
a5 53. g5 a4 54. g6 a3 55. bxa3 Ke6 56. g7 Ke7 57. g8=Q Kd6 58. Qg6+ Ke7 59.
Rf7+ Ke8 60. Qg8# 1-0

[Event "ENCI Limburg-open C"]
[Site "Maastricht"]
[Date "2009.06.01"]
[Round "6"]
[White "Geene, Joris"]
[Black "De Vries, Robert"]
[Result "0-1"]
[WhiteElo "1210"]
[BlackElo "1543"]
[PlyCount "60"]
[EventDate "2009.05.29"]
[EventType "swiss"]
[EventRounds "7"]
[EventCountry "NED"]
[Source "P.Boonen"]
[SourceDate "2010.01.01"]

1. e4 d5 2. exd5 Qxd5 3. Nc3 Qa5 4. Nf3 Bg4 5. d4 c6 6. Be2 Nf6 7. Qd3 e6 8. h3
Bf5 9. Qd2 Bb4 10. a3 Ne4 11. Qe3 Bxc3+ 12. bxc3 Qxc3+ 13. Qxc3 Nxc3 14. Bd3
Bxd3 15. cxd3 Nd7 16. Bd2 Nd5 17. Ne5 f6 18. Nxd7 Kxd7 19. O-O a5 20. Rab1 b5
21. Rfc1 Ne7 22. a4 Rhb8 23. axb5 cxb5 24. Rc5 a4 25. Rbc1 Rc8 26. Ra1 Rxc5 27.
dxc5 Nc6 28. d4 b4 29. Kf1 b3 30. Bc3 a3 0-1

[Event "ENCI Limburg-open C"]
[Site "Maastricht"]
[Date "2009.06.01"]
[Round "6"]
[White "Gendarme, Pierre"]
[Black "Haitsma, Henk"]
[Result "1-0"]
[WhiteElo "1619"]
[BlackElo "1673"]
[PlyCount "101"]
[EventDate "2009.05.29"]
[EventType "swiss"]
[EventRounds "7"]
[EventCountry "NED"]
[Source "P.Boonen"]
[SourceDate "2010.01.01"]

1. e4 d6 2. d4 g6 3. Nf3 Bg7 4. c4 e6 5. Nc3 b6 6. Bg5 Ne7 7. Bd3 Bb7 8. d5 e5
9. h4 h6 10. Bd2 Nd7 11. b4 a5 12. a3 axb4 13. axb4 Rxa1 14. Qxa1 O-O 15. Ke2
f5 16. Qa7 Qb8 17. Ra1 Nc8 18. Qa4 Nf6 19. Ra3 Ne7 20. Qa7 Qa8 21. Bc1 Rb8 22.
Nd2 h5 23. Nf3 fxe4 24. Nxe4 Nfxd5 25. cxd5 Nxd5 26. Bd2 Nf4+ 27. Bxf4 Bxe4 28.
Qxa8 Rxa8 29. Bc4+ Kf8 30. Rxa8+ Bxa8 31. Bg5 e4 32. Ne1 d5 33. Bb3 c5 34. b5
Ke8 35. f3 d4 36. fxe4 Bxe4 37. Bc4 Kd7 38. Bf4 Bf6 39. g3 Bd8 40. Nf3 Ke8 41.
Ng5 Bf5 42. Ne6 Kd7 43. Nxd8 Kxd8 44. Bd3 Kd7 45. Bxf5+ gxf5 46. Kd3 Kc8 47.
Kc4 Kd7 48. Kd5 Kc8 49. Ke5 Kd7 50. Kxf5 c4 51. Ke4 1-0

[Event "ENCI Limburg-open C"]
[Site "Maastricht"]
[Date "2009.06.01"]
[Round "6"]
[White "Hebels, Alex"]
[Black "Zalewski, Arkadiusz"]
[Result "1/2-1/2"]
[WhiteElo "1144"]
[BlackElo "1414"]
[PlyCount "53"]
[EventDate "2009.05.29"]
[EventType "swiss"]
[EventRounds "7"]
[EventCountry "NED"]
[Source "P.Boonen"]
[SourceDate "2010.01.01"]

1. c4 Nf6 2. g3 d6 3. Bg2 g6 4. Nc3 Bg7 5. d3 O-O 6. e4 e5 7. Nge2 Nc6 8. O-O
b6 9. h3 Bb7 10. Be3 Ne7 11. Nd5 c6 12. Nxf6+ Bxf6 13. Bh6 Re8 14. f4 d5 15. c5
dxe4 16. Bxe4 exf4 17. Qb3 Nd5 18. Nxf4 Bg5 19. Bxg5 Qxg5 20. Kh2 b5 21. Rac1
Re5 22. Bxd5 cxd5 23. Qxb5 Rae8 24. Qd7 Re2+ 25. Nxe2 Rxe2+ 26. Kh1 Qe7 27.
Qxe7 1/2-1/2

[Event "ENCI Limburg-open C"]
[Site "Maastricht"]
[Date "2009.06.01"]
[Round "6"]
[White "Heman, Frans"]
[Black "Esser, Thomas"]
[Result "0-1"]
[WhiteElo "1538"]
[BlackElo "1670"]
[PlyCount "80"]
[EventDate "2009.05.29"]
[EventType "swiss"]
[EventRounds "7"]
[EventCountry "NED"]
[Source "P.Boonen"]
[SourceDate "2010.01.01"]

1. f4 d5 2. Nf3 Nf6 3. e3 c5 4. b3 Nc6 5. Bb5 Qb6 6. Bxc6+ bxc6 7. Ne5 Ba6 8.
d3 e6 9. Nc3 Bd6 10. Na4 Qc7 11. Bb2 O-O 12. O-O Rab8 13. Rf3 Bb5 14. Nc3 Nd7
15. Rh3 f6 16. Qh5 fxe5 17. Qxh7+ Kf7 18. Nxb5 cxb5 19. fxe5 Bxe5 20. Rf1+ Ke7
21. Bxe5 Rxf1+ 22. Kxf1 Qxe5 23. Rf3 Kd6 24. Ke2 Rf8 25. Qh4 Rxf3 26. Kxf3 Qf6+
27. Qf4+ Qxf4+ 28. exf4 b4 29. g4 Ke7 30. h4 Kf6 31. Ke3 Nb8 32. d4 c4 33. bxc4
dxc4 34. Ke4 a5 35. d5 a4 36. d6 b3 37. cxb3 cxb3 38. axb3 a3 39. Kd3 a2 40.
g5+ Kf5 0-1

[Event "ENCI Limburg-open C"]
[Site "Maastricht"]
[Date "2009.06.01"]
[Round "6"]
[White "Heuts, Guido"]
[Black "Akkerboom, Hans"]
[Result "0-1"]
[WhiteElo "1510"]
[BlackElo "1255"]
[PlyCount "68"]
[EventDate "2009.05.29"]
[EventType "swiss"]
[EventRounds "7"]
[EventCountry "NED"]
[Source "P.Boonen"]
[SourceDate "2010.01.01"]

1. d4 Nf6 2. c4 e6 3. Nc3 Bb4 4. Bd2 O-O 5. Nf3 d5 6. Bg5 h6 7. Bh4 b6 8. e3
Bb7 9. Bd3 Nbd7 10. O-O Qc8 11. a3 Bxc3 12. bxc3 dxc4 13. Bxc4 c5 14. Be2 Ne4
15. Qc1 Qc6 16. Rd1 g5 17. Bg3 Nxg3 18. hxg3 g4 19. Ne1 h5 20. f3 f5 21. Qc2
Rf6 22. Rd3 Qc7 23. Kf2 Raf8 24. f4 Be4 25. dxc5 Nxc5 26. Rad1 Nxd3+ 27. Bxd3
Bxd3 28. Nxd3 Rc8 29. Ne5 Rd8 30. Rh1 Qd6 31. Nc4 Qd3 32. Qb3 Rc8 33. Ne5 Rxc3
34. Nxd3 Rxb3 0-1

[Event "ENCI Limburg-open C"]
[Site "Maastricht"]
[Date "2009.06.01"]
[Round "6"]
[White "Houben, Niels"]
[Black "Liston, Mike"]
[Result "0-1"]
[WhiteElo "1243"]
[BlackElo "1670"]
[PlyCount "124"]
[EventDate "2009.05.29"]
[EventType "swiss"]
[EventRounds "7"]
[EventCountry "NED"]
[Source "P.Boonen"]
[SourceDate "2010.01.01"]

1. d4 Nf6 2. c4 g6 3. e3 d5 4. Nc3 Bg7 5. Bd2 O-O 6. cxd5 Nxd5 7. Bc4 Be6 8.
Qb3 Nxc3 9. Bxe6 Ne4 10. Bd5 Nxd2 11. Kxd2 Nc6 12. Rc1 Na5 13. Qb5 c6 14. Bxf7+
Rxf7 15. Qd3 b5 16. Nf3 e5 17. dxe5 Qxd3+ 18. Kxd3 Nc4 19. Ke2 Rc8 20. b3 Nxe5
21. Ng5 Rd7 22. Ne6 Rd6 23. Nxg7 Kxg7 24. Rc5 Nd7 25. Rc2 c5 26. Rhc1 Rdc6 27.
Rd2 Nb6 28. h4 c4 29. bxc4 Rxc4 30. Rb1 a6 31. Rd6 R8c6 32. Rxc6 Rxc6 33. Rb2
Nd5 34. Kd3 Kf6 35. Kd4 Ke6 36. g3 Rc4+ 37. Kd3 Nb4+ 38. Ke2 Rc2+ 39. Rxc2 Nxc2
40. Kd2 Nb4 41. a3 Nc6 42. Kc3 Kd5 43. f3 a5 44. e4+ Ke5 45. Kd3 b4 46. f4+ Ke6
47. axb4 axb4 48. g4 h6 49. f5+ gxf5 50. exf5+ Kf6 51. Kc2 Ne5 52. g5+ hxg5 53.
hxg5+ Kxg5 54. Kb3 Nc6 55. Ka4 Kxf5 56. Kb3 Ke5 57. Kc4 Ke4 58. Kb3 Kd3 59. Ka2
Kc2 60. Ka1 Nd4 61. Ka2 b3+ 62. Ka3 b2 0-1

[Event "ENCI Limburg-open C"]
[Site "Maastricht"]
[Date "2009.06.01"]
[Round "6"]
[White "Ingelaere, Arthur"]
[Black "Schoffelen, Jan"]
[Result "1-0"]
[WhiteElo "1188"]
[BlackElo "1421"]
[PlyCount "85"]
[EventDate "2009.05.29"]
[EventType "swiss"]
[EventRounds "7"]
[EventCountry "NED"]
[Source "P.Boonen"]
[SourceDate "2010.01.01"]

1. e4 d6 2. d4 Nf6 3. Nc3 c6 4. Nf3 Bg4 5. Be2 Bxf3 6. Bxf3 g6 7. O-O Bg7 8.
Be3 O-O 9. Qd2 Re8 10. d5 cxd5 11. Nxd5 Nc6 12. Bh6 Bh8 13. Nxf6+ Bxf6 14. Rfe1
Ne5 15. Be2 a6 16. Kh1 Rc8 17. f4 Nc6 18. f5 Ne5 19. fxg6 fxg6 20. Rad1 Nf7 21.
Bf4 Be5 22. Bxe5 dxe5 23. Qxd8 Rexd8 24. c3 Nd6 25. Bg4 Rc4 26. Be6+ Kg7 27.
Bxc4 Rc8 28. Be6 Rc6 29. Bd5 Rb6 30. b4 Nb5 31. Re3 e6 32. Bb3 Kf7 33. Rd7+ Kf6
34. h4 g5 35. hxg5+ Kxg5 36. Rf3 h5 37. Re7 Rd6 38. Rxe6 Rxe6 39. Bxe6 Nd6 40.
Bd5 b5 41. Kh2 h4 42. Kh3 Kh5 43. Rf6 1-0

[Event "ENCI Limburg-open C"]
[Site "Maastricht"]
[Date "2009.06.01"]
[Round "6"]
[White "Koehorst, Andre"]
[Black "Daemen, Jules"]
[Result "0-1"]
[WhiteElo "1682"]
[BlackElo "1626"]
[PlyCount "128"]
[EventDate "2009.05.29"]
[EventType "swiss"]
[EventRounds "7"]
[EventCountry "NED"]
[Source "P.Boonen"]
[SourceDate "2010.01.01"]

1. d4 Nf6 2. c4 g6 3. Nc3 d5 4. cxd5 Nxd5 5. e4 Nb6 6. Bg5 Bg7 7. Rc1 c6 8.
Nge2 O-O 9. b3 h6 10. Be3 N8d7 11. Qd2 Kh7 12. h4 e5 13. h5 g5 14. a4 exd4 15.
Nxd4 Ne5 16. a5 Nbd7 17. f3 Qxa5 18. Nf5 f6 19. Qb2 Qb4 20. Bd2 Qb6 21. Be3 Qd8
22. Rd1 Rg8 23. Be2 Qf8 24. Rf1 Nb6 25. Nxg7 Rxg7 26. Bd4 Be6 27. f4 gxf4 28.
Rxf4 Qe7 29. Bf1 Rg4 30. Bxe5 fxe5 31. Rxg4 Bxg4 32. Be2 Qh4+ 33. Kd2 Rd8+ 34.
Kc1 Qg5+ 35. Kb1 Rxd1+ 36. Nxd1 Qxh5 37. Bxg4 Qxg4 38. Qc2 Qe6 39. Kb2 Nd7 40.
Nf2 Nf6 41. Qc5 Qd7 42. Qf8 Kg6 43. Qc5 Qd4+ 44. Qxd4 exd4 45. Kc2 Kg5 46. b4
b6 47. Kd3 c5 48. bxc5 bxc5 49. g3 Nd7 50. Kc4 h5 51. Nd3 Kg4 52. e5 Kf5 53. e6
Kxe6 54. Nf4+ Kf5 55. Nxh5 Kg4 56. Nf4 Kf3 57. Nd3 Ke4 58. Nb2 a6 59. g4 Kf4
60. Kd5 a5 61. Kc6 a4 62. Nxa4 c4 63. Nb2 Ne5+ 64. Kd5 c3 0-1

[Event "ENCI Limburg-open C"]
[Site "Maastricht"]
[Date "2009.06.01"]
[Round "6"]
[White "Marcoen, Tom"]
[Black "Erin, Igor"]
[Result "0-1"]
[WhiteElo "1488"]
[BlackElo "1728"]
[PlyCount "76"]
[EventDate "2009.05.29"]
[EventType "swiss"]
[EventRounds "7"]
[EventCountry "NED"]
[Source "P.Boonen"]
[SourceDate "2010.01.01"]

1. e4 g6 2. d4 Bg7 3. Be3 c5 4. Nc3 Qa5 5. Nge2 Nf6 6. f3 cxd4 7. Nxd4 O-O 8.
Bc4 Nc6 9. Bb3 d6 10. Qd2 Bd7 11. O-O-O a6 12. Kb1 Rac8 13. Nxc6 bxc6 14. Bh6
c5 15. Bxg7 Kxg7 16. Bc4 Rb8 17. Nd5 Qxd2 18. Rxd2 Nxd5 19. Bxd5 Rb6 20. Re1
Rfb8 21. c3 a5 22. e5 e6 23. Bc4 d5 24. Bf1 Bc6 25. f4 c4 26. Ree2 a4 27. a3
Rb3 28. Ka2 R3b7 29. g4 h6 30. h4 Rd8 31. Rd4 Re7 32. Bg2 f6 33. exf6+ Kxf6 34.
Re5 Rb8 35. Rd2 Rg7 36. Rde2 Bd7 37. f5 gxf5 38. gxf5 Rxg2 0-1

[Event "ENCI Limburg-open C"]
[Site "Maastricht"]
[Date "2009.06.01"]
[Round "6"]
[White "Metonidze, Andre"]
[Black "Swijsen, Willy"]
[Result "0-1"]
[WhiteElo "1320"]
[BlackElo "1196"]
[PlyCount "132"]
[EventDate "2009.05.29"]
[EventType "swiss"]
[EventRounds "7"]
[EventCountry "NED"]
[Source "P.Boonen"]
[SourceDate "2010.01.01"]

1. d4 d5 2. Nf3 e6 3. e3 c5 4. b3 Nc6 5. Bb2 Qc7 6. Bd3 Bd6 7. O-O Nf6 8. Ne5
Nxe5 9. dxe5 Bxe5 10. Bxe5 Qxe5 11. Nd2 O-O 12. Nf3 Qd6 13. Re1 Rd8 14. c4 e5
15. Bc2 h6 16. cxd5 e4 17. Nd2 Qxd5 18. Nxe4 Nh7 19. Qxd5 Rxd5 20. Red1 Be6 21.
Rxd5 Bxd5 22. Rd1 Be6 23. Nxc5 Rc8 24. Nxe6 Rxc2 25. Rd8+ Nf8 26. Rxf8+ Kh7 27.
g3 fxe6 28. Rf7 Rxa2 29. Rxb7 Kg6 30. h3 Kf6 31. Rb4 a5 32. Ra4 Rxa4 33. bxa4
Ke5 34. f3 Kd5 35. Kf1 Kc4 36. Ke1 Kb4 37. Kd1 Kxa4 38. Kc1 Kb3 39. e4 a4 40.
f4 a3 41. Kb1 Kc3 42. e5 g6 43. h4 h5 44. Ka2 Kd4 45. Kxa3 Ke4 46. Kb2 Kf3 47.
Kc1 Kxg3 48. Kd2 Kxf4 49. Ke2 Kg4 50. Kf2 Kxh4 51. Kf3 g5 52. Kg2 g4 53. Kh1
Kg5 54. Kg2 Kf4 55. Kf2 h4 56. Kg1 Kxe5 57. Kh1 Kf4 58. Kg2 e5 59. Kf1 h3 60.
Kf2 e4 61. Kf1 g3 62. Kg1 e3 63. Kf1 h2 64. Kg2 e2 65. Kh1 e1=Q+ 66. Kg2 h1=Q#
0-1

[Event "ENCI Limburg-open C"]
[Site "Maastricht"]
[Date "2009.06.01"]
[Round "6"]
[White "Ooms, Bart"]
[Black "Gundogmus, Alaettin"]
[Result "0-1"]
[WhiteElo "1739"]
[BlackElo "1541"]
[PlyCount "102"]
[EventDate "2009.05.29"]
[EventType "swiss"]
[EventRounds "7"]
[EventCountry "NED"]
[Source "P.Boonen"]
[SourceDate "2010.01.01"]

1. d4 d5 2. c4 c6 3. e3 Nf6 4. Nf3 Bg4 5. h3 Bh5 6. Be2 h6 7. O-O e6 8. Nc3 Bd6
9. c5 Bc7 10. b4 a6 11. a4 Nbd7 12. Bd2 O-O 13. b5 axb5 14. axb5 cxb5 15. Nxb5
Ba5 16. Bc1 Ne4 17. g4 Bg6 18. Ba3 Re8 19. Kg2 Nb8 20. Nh2 Nc3 21. Nxc3 Bxc3
22. Ra2 Nc6 23. Qb3 Bb4 24. Bxb4 Rxa2 25. Qxa2 Nxb4 26. Qb2 Bd3 27. Bxd3 Nxd3
28. Qxb7 e5 29. Rd1 e4 30. c6 Re7 31. Qb5 Rc7 32. Rb1 Qd6 33. Qb8+ Kh7 34. Rb6
Kg6 35. f4 Kh7 36. h4 Ne1+ 37. Kf1 Nc2 38. Kf2 Nxd4 39. Rb7 Ne6 40. Rxc7 Qxc7
41. Qb7 Qa5 42. Qb2 Qc5 43. f5 Nf4 44. Qd2 Nd3+ 45. Ke2 Qxc6 46. Nf1 Qc4 47. g5
Ne5+ 48. Kf2 Nf3 49. Qd1 Nxh4 50. f6 Qa2+ 51. Nd2 Nf3 0-1

[Event "ENCI Limburg-open C"]
[Site "Maastricht"]
[Date "2009.06.01"]
[Round "6"]
[White "Orbons, Richard"]
[Black "Van Steenwinckel, Hugo"]
[Result "1-0"]
[WhiteElo "1672"]
[BlackElo "1658"]
[PlyCount "63"]
[EventDate "2009.05.29"]
[EventType "swiss"]
[EventRounds "7"]
[EventCountry "NED"]
[Source "P.Boonen"]
[SourceDate "2010.01.01"]

1. Nf3 d5 2. g3 Nc6 3. Bg2 e5 4. d3 h6 5. O-O Nf6 6. Nc3 Bc5 7. e4 d4 8. Ne2
O-O 9. Nd2 Bg4 10. h3 Bh5 11. Kh1 b5 12. a3 Rb8 13. f4 Bxe2 14. Qxe2 Bd6 15. f5
Nh7 16. Nf3 f6 17. Nh4 Qe8 18. Ng6 Rf7 19. h4 Nf8 20. Bf3 Rd7 21. Bh5 Nxg6 22.
Bxg6 Qf8 23. g4 Ne7 24. g5 Nxg6 25. fxg6 Rbd8 26. Qh5 c5 27. gxh6 gxh6 28. Bxh6
Rg7 29. Qf5 Be7 30. Qe6+ Kh8 31. Bxg7+ Qxg7 32. Rf5 1-0